PYCCKAG\ HCNBOTTNCB XIX BEKA / (Record no. 19450)
[ view plain ]
| 000 -الفاتح | |
|---|---|
| حقل البيانات ثابتة الطول | 00339nam a2200121Ia 4500 |
| 008 - عناصر البيانات ثابتة الطول - معلومات عامة | |
| حقل البيانات ثابتة الطول | 140319s9999 xx 000 0 eng d |
| 040 ## - مصدر الفهرسة | |
| وكالة الفهرسة الأصلية | GCL / |
| وكالة النسخ | GCL |
| 082 04 - رقم تصنيف ديوى العشرى | |
| رقم التصنيف | 789.47 |
| رقم المادة | C P |
| 100 1# - المدخل الرئيسى - إسم شخصى | |
| الإسم الشخصى | CAPABBRHOB, H |
| 245 10 - بيان العنوان | |
| العنوان | PYCCKAG\ HCNBOTTNCB XIX BEKA / |
| بيان المسئوليه,etc | CAPABBRHOB, H |
| 260 ## - PUBLICATION, DISTRIBUTION, ETC. (IMPRINT) | |
| تاريخ النشر أو التوزيع | 1959 |
| 260 ## - PUBLICATION, DISTRIBUTION, ETC. (IMPRINT) | |
| -- | [S.N] : |
| -- | IOCYA APCTBHHOE N3 AATEABCTLO ، |
| حالة التراجع | حالة الفقد | حالة تلف | ليس للاعارة | المكان المؤقت | الموقع الحالى | تاريخ الاكتساب | اجمالي اﻻعارات | رقم الطلب | الباركود | تاريخ اخر مشاهدة | تاريخ تفعيل السعر | نوع وعاء كوها |
|---|---|---|---|---|---|---|---|---|---|---|---|---|
| مكتبة القاهرة الكبرى | مكتبة القاهرة الكبرى | 03/26/2014 | 789.47\C P | 37069 | 03/26/2014 | 03/26/2014 | كتاب |

